Ley 337: Ley creadora del sistema nacional para la prevención, mitigación y atención de desastres (SINAPRED), Nicaragua.

Bibliographic Details
Main Author: Nicaragua. INPRHU - Estelí.
Format: Section = Libro
Language:Undetermined
Spanish
Published: Managua SINAPRED 2008
Subjects:
LEADER 00650nam a2200193Ia 4500
008 240829s9999 xx 000 0 und d
040 |a BIBLIOTECA-RUSB/ Ref 344.05 N583 
041 |a spa 
082 |a Ref 344.05 N583 
100 1 |a Nicaragua. INPRHU - Estelí. 
245 1 0 |a Ley 337: Ley creadora del sistema nacional para la prevención, mitigación y atención de desastres (SINAPRED), Nicaragua. 
260 |a Managua  |b SINAPRED  |c 2008 
300 |a 60 p. :il. 
650 7 |a DESASTRES - NICARAGUA - LEGISLACION 
650 7 |b  DESASTRES - NICARAGUA - PREVENCION 
650 7 |c  DEFENSA CIVIL - NICARAGUA 
942 |c BK  |2 ddc 
991 |a TEXTO 
999 |c 5820